000 01487cad a22002415a 4500
001 E151682
008 101130s2009 xxk f 000 0 eng d
020 _a9781842195222
035 _a(Sirsi) u151682
041 0 _aeng
050 0 4 _a658.406 $2 18
100 1 _aDixon, Tim
_cProfessor
245 0 0 _aProperty in the economy
_bsustainability and corporate real estate
_h[electronic resource]
260 _aLondon
_bRICS
_c2009
490 0 _aRICS Property in the Economy
505 2 _aIntroduction -- A starting point, some key definitions -- How big is the sector? Trends in sustainable property -- What is driving and preventing change in the sector? -- Sustainability, corporate property and business practice -- Developing a sustainable corporate property strategy -- 'Doing well by doing green', sustainable corporate property case studies -- Back to the future, will sustainability still matter? -- Where to go for further information
520 _aLooks at key definitions and trends in the sector, then goes on to examine the most important drivers and barriers for change. Also discusses how businesses can develop sustainable corporate real estate practices and which tools can help support this. Includes case studies and concludes by examining some key future trends within the sustainable corporate property arena.
521 _aAdvanced
590 _aKA
651 4 _aUnited Kingdom
_y
690 _aENVIRONMENTAL AND LAND CONSULTANCY-SUSTAINABILITY
942 _n0
999 _c111535
_d111535